000 00568nam a2200181 a 4500
008 951121s1985||||[C 0 slo c
040 _aSNK
_bslo
_cSNK
_eAACR2
041 1 _aslo
_hslo
080 _a372.880.854-1(072)
100 1 _aPatáková, Marta
_4aut
245 1 0 _aPravopisný výcvik v 5.-8. ročníku základnej školy
_cMarta Patáková, Anna Rýzková ; Ladislav Hruškovič
260 _aBratislava
_bSPN
_c1985
_eŽilina
_fPravda
700 1 _aRýzková, Anna
_4aut
700 1 _aHruškovič, Ladislav
_4bkd
044 _axo
_cSK
020 _c20
958 _aA
999 _c19816
_d19816